Statistics for Every Liverpool Jersey Sponsor

Click here to take the quiz!

General Stats

  • This quiz has been taken 21 times
  • The average score is 7 of 14

Answer Stats

Sponsor TypeYearAnswer% Correct
Shirt Sponsor1992 - 2010Carlsberg
94%
Kit Manufacturer1985 - 1996Adidas
88%
Kit Manufacturer2006 - 2012Adidas
88%
Kit Manufacturer2020 - PresentNike
88%
Shirt Sponsor2010 - PresentStandard Chartered
81%
Kit Manufacturer1996 - 2006Reebok
50%
Shirt Sponsor1988 - 1992Candy
44%
Kit Manufacturer2015 - 2020New Balance
44%
Kit Manufacturer1973 - 1985Umbro
44%
Shirt Sponsor1982 - 1988Crown Paints
31%
Kit Manufacturer2012 - 2015Warrior
31%
Shirt Sponsor1979 - 1982Hitachi
19%
Sleeve Sponsor2020 - PresentExpedia
13%
Sleeve Sponsor2017 - 2020Western Union
6%

Score Distribution

Percentile by Number Answered

Percent of People with Each Score

Your Score History

You have not taken this quiz